Литолого-фациальное строение нижнефаменских приливно-отливных отложений Донецко-Сыртовского месторождения (Волго-Уральская НГП); Фациальный анализ в нефтегазовой литологии

Bibliografiske detaljer
Parent link:Фациальный анализ в нефтегазовой литологии.— 2012.— С. 103-109
Hovedforfatter: Лашманова А. А.
Andre forfattere: Вилесов А. П., Девятка Н. П.
Sprog:russisk
Udgivet: 2012
Serier:Европейская часть России (Русская платформа)
Fag:
Format: MixedMaterials Book Chapter
KOHA link:https://koha.lib.tpu.ru/cgi-bin/koha/opac-detail.pl?biblionumber=253907

MARC

LEADER 00000naa2a2200000 4500
001 253907
005 20231031214618.0
035 |a (RuTPU)RU\TPU\book\276326 
035 |a RU\TPU\book\276324 
090 |a 253907 
100 |a 20140318d2012 k y0rusy50 ca 
101 0 |a rus 
102 |a RU 
200 1 |a Литолого-фациальное строение нижнефаменских приливно-отливных отложений Донецко-Сыртовского месторождения (Волго-Уральская НГП)  |f А. А. Лашманова, А. П. Вилесов, Н. П. Девятка 
225 1 |a Европейская часть России (Русская платформа) 
320 |a Библиогр.: с. 109 (11 назв.) 
463 0 |0 (RuTPU)RU\TPU\book\269418  |t Фациальный анализ в нефтегазовой литологии  |o труды II Регионального совещания, посвященного 100-летию доктора геолого-минералогических наук Л. Н. Ботвинкиной, 2012 г., г. Томск  |f Национальный исследовательский Томский политехнический университет (ТПУ), Институт природных ресурсов (ИПР), Центр подготовки и переподготовки специалистов нефтегазового дела (ЦППС НД) ; гл. ред. В. Б. Белозёров  |v С. 103-109  |d 2012  |p 358 с. 
610 1 |a литолого-фациальное строение 
610 1 |a Волго-Уральская нефтегазоносная провинция 
610 1 |a отложения 
610 1 |a приливно-отливные равнины 
610 1 |a литология 
610 1 |a фации 
610 1 |a Донецко-Сыртовское месторождение 
700 1 |a Лашманова  |b А. А. 
701 1 |a Вилесов  |b А. П. 
701 1 |a Девятка  |b Н. П. 
801 1 |a RU  |b 63413507  |c 20140314 
801 2 |a RU  |b 63413507  |c 20140318  |g RCR 
942 |c BK